[Event "French Top 12 2013"]
[Site "Haguenau FRA"]
[Date "2013.06.03"]
[Round "5.2"]
[White "Meier, Georg"]
[Black "Nyzhnyk, Illya"]
[Result "1/2-1/2"]
[WhiteTitle "GM"]
[BlackTitle "GM"]
[WhiteElo "2655"]
[BlackElo "2635"]
[WhiteTeam "Vandoeuvre-Echecs"]
[BlackTeam "Evry Grand Roque"]
[WhiteFideId "4675789"]
[BlackFideId "14118084"]
[EventDate "2013.05.30"]

1. Nf3 Nf6 2. g3 g6 3. Bg2 Bg7 4. O-O O-O 5. d4 d5 6. Bf4 c5 7. dxc5 Na6 8. c6
bxc6 9. Qc1 Re8 10. c4 Bf5 11. Be5 Nb8 12. Bc3 Qc8 13. Nbd2 Bh3 14. b3 Bxg2 15.
Kxg2 Nbd7 16. Qb2 Qb7 17. Kg1 Qb8 18. Ne5 Ne4 19. Nxe4 Bxe5 20. Rfd1 f5 21. Ng5
Bxc3 22. Qxc3 Nf6 23. Rac1 Qd6 24. cxd5 cxd5 25. Qc6 Rac8 26. Qxd6 exd6 27. Kf1
h6 28. Nf3 Kf7 29. Nd4 a6 30. Nc6 Ke6 31. Rc2 Ng4 32. h3 Ne5 33. Nd4+ Kd7 34.
Rdc1 Rxc2 35. Rxc2 Rf8 36. f4 Nf7 37. e3 Nd8 38. Ke2 h5 39. b4 Re8 40. Kd3 Ne6
41. Rc3 Nxd4 42. Kxd4 Re4+ 43. Kxd5 Rxb4 44. Rb3 Re4 45. g4 hxg4 46. hxg4 a5 47.
g5 Ke7 48. Rc3 a4 49. Rc7+ Kf8 50. Rc4 Rxe3 51. Rxa4 Re7 52. Rc4 Ra7 53. a4 Ke7
54. Kc6 Ra8 55. Kb7 d5 56. Rd4 Ra5 57. Kc6 Ke6 58. Rb4 Ra8 59. Kc5 Rc8+ 60. Kd4
Ra8 61. Kc3 Kd6 62. Rb6+ 1/2-1/2

[Event "French Top 12 2013"]
[Site "Haguenau FRA"]
[Date "2013.06.03"]
[Round "5.4"]
[White "Philippe, Christophe"]
[Black "Relange, Eloi"]
[Result "1/2-1/2"]
[WhiteTitle "IM"]
[BlackTitle "GM"]
[WhiteElo "2372"]
[BlackElo "2470"]
[WhiteTeam "Vandoeuvre-Echecs"]
[BlackTeam "Evry Grand Roque"]
[WhiteFideId "610038"]
[BlackFideId "600822"]
[EventDate "2013.05.30"]

1. d4 Nf6 2. Nf3 g6 3. Nc3 d5 4. Bf4 Bg7 5. e3 O-O 6. Be2 c5 7. Ne5 Nc6 8. O-O
cxd4 9. exd4 Qb6 10. Nxc6 Qxc6 11. Bb5 Qb6 12. a4 Qd8 13. Re1 Bd7 14. Be5 Bf5
15. a5 Rc8 16. a6 b6 17. h3 Ne4 18. Nxe4 Bxe5 19. dxe5 dxe4 20. g4 Be6 21. Rxe4
Qc7 22. c4 Rfd8 23. Qe2 Qc5 24. Rd1 Qb4 25. Red4 Rxd4 26. Rxd4 Kg7 27. Kh2 Rc5
28. Re4 Rc8 29. Rd4 Rc5 30. Re4 Rc8 31. Rd4 1/2-1/2

[Event "French Top 12 2013"]
[Site "Haguenau FRA"]
[Date "2013.06.03"]
[Round "5.6"]
[White "Paci, Cedric"]
[Black "Sochacki, Christophe"]
[Result "1-0"]
[WhiteTitle "FM"]
[BlackTitle "IM"]
[WhiteElo "2326"]
[BlackElo "2414"]
[WhiteTeam "Vandoeuvre-Echecs"]
[BlackTeam "Evry Grand Roque"]
[WhiteFideId "614203"]
[BlackFideId "662569"]
[EventDate "2013.05.30"]

1. Nf3 g6 2. c4 Bg7 3. d4 c5 4. g3 cxd4 5. Nxd4 Nc6 6. Nc2 h5 7. h4 d6 8. Bg2
Nf6 9. Nc3 O-O 10. Bg5 Be6 11. Nd5 Nh7 12. Bc1 Rb8 13. O-O Qd7 14. Rb1 b5 15.
cxb5 Rxb5 16. b4 a6 17. a4 Rbb8 18. Be3 Nf6 19. Nb6 Qc7 20. a5 Ng4 21. Rc1 d5
22. Bf4 Be5 23. Nd4 Bd7 24. Nxd7 Bxf4 25. Rxc6 Qxd7 26. gxf4 Rxb4 27. Rxa6 e5
28. fxe5 Nxe5 29. e3 Qe7 30. Nf3 Rg4 31. Qxd5 Nc4 32. Ra8 Rxa8 33. Qxa8+ Kg7 34.
Qd5 Kg8 35. a6 Nxe3 36. fxe3 Qxe3+ 37. Kh1 Qe2 38. Rg1 Qxa6 39. Bh3 Rxg1+ 40.
Kxg1 Qb6+ 41. Kg2 Kg7 42. Bd7 f6 43. Bb5 Qe3 44. Bc4 Kh6 45. Qg8 g5 46. hxg5+
fxg5 47. Qf8+ 1-0

[Event "French Top 12 2013"]
[Site "Haguenau FRA"]
[Date "2013.06.03"]
[Round "5.7"]
[White "Moussard, Jules"]
[Black "Helfer, Remi"]
[Result "1-0"]
[WhiteTitle "IM"]
[WhiteElo "2437"]
[BlackElo "2067"]
[WhiteTeam "Evry Grand Roque"]
[BlackTeam "Vandoeuvre-Echecs"]
[WhiteFideId "642908"]
[BlackFideId "656259"]
[EventDate "2013.05.30"]

1. a3 e5 2. c4 Nc6 3. Nc3 f5 4. g3 g6 5. Bg2 Bg7 6. e3 d6 7. Nge2 Nf6 8. O-O O-O
9. d3 Be6 10. Rb1 d5 11. cxd5 Nxd5 12. Qb3 Nce7 13. Qxb7 Qd6 14. Nxd5 Nxd5 15.
Qb5 a5 16. Qa4 Nb6 17. Qc2 Rad8 18. d4 a4 19. Bd2 Bb3 20. Qc1 Nd5 21. dxe5 Bxe5
22. Re1 c5 23. Nf4 Nf6 24. Bc3 g5 25. Ne2 Ng4 26. h3 Bxc3 27. Qxc3 Ne5 28. Nc1
Be6 29. f4 Nc4 30. Ne2 Qd2 31. fxg5 Nxe3 32. Bf3 Ba2 33. Rbc1 Qxc3 34. Nxc3 1-0

[Event "French Top 12 2013"]
[Site "Haguenau FRA"]
[Date "2013.06.03"]
[Round "5.8"]
[White "Steil-Antoni, Fiona"]
[Black "Milliet, Sophie"]
[Result "0-1"]
[WhiteTitle "WIM"]
[BlackTitle "IM"]
[WhiteElo "2149"]
[BlackElo "2391"]
[WhiteTeam "Vandoeuvre-Echecs"]
[BlackTeam "Evry Grand Roque"]
[WhiteFideId "4001249"]
[BlackFideId "623725"]
[EventDate "2013.05.30"]

1. e4 e5 2. Nf3 Nc6 3. Bb5 a6 4. Ba4 Nf6 5. d3 b5 6. Bb3 Be7 7. c3 O-O 8. O-O d6
9. h3 Na5 10. Bc2 c5 11. Re1 Nd7 12. Nbd2 Nb6 13. Nf1 Bf6 14. Ng3 g6 15. Bh6 Re8
16. Qd2 Nc6 17. Rad1 a5 18. Bg5 a4 19. Bxf6 Qxf6 20. a3 Bxh3 21. gxh3 Qxf3 22.
Qh6 Qf4 23. Qxf4 exf4 24. Ne2 Ne5 25. Kh1 Nf3 26. Rf1 g5 27. Ng1 Nh4 28. Rde1
Kg7 29. Bd1 Nd7 30. d4 Nf6 31. Nf3 Nxe4 32. Rxe4 Rxe4 33. Nxh4 gxh4 34. Bf3 Rae8
35. Rg1+ Kf6 36. Bxe4 Rxe4 37. dxc5 dxc5 38. Rg4 h5 39. Rg8 Re2 40. Rc8 Rxb2 41.
Rxc5 Rb3 42. Kg2 Rxa3 43. Rxb5 Rxc3 44. Rxh5 f3+ 45. Kh2 Rc4 46. Ra5 Ke6 47. Kg1
f5 48. Kh1 f4 49. Kh2 Kd6 50. Rh5 a3 51. Ra5 Rc3 52. Ra4 Kc5 53. Rxf4 a2 54. Ra4
Rc2 55. Kg1 Kb5 56. Ra8 Kb4 57. Rb8+ Kc3 58. Rc8+ Kb2 59. Rb8+ Kc1 0-1

[Event "French Top 12 2013"]
[Site "Haguenau FRA"]
[Date "2013.06.03"]
[Round "5.1"]
[White "Bedouin, Xavier"]
[Black "Gajewski, Grzegorz"]
[Result "0-1"]
[WhiteTitle "IM"]
[BlackTitle "GM"]
[WhiteElo "2387"]
[BlackElo "2653"]
[WhiteTeam "Migne Echecs"]
[BlackTeam "Mulhouse Philidor"]
[WhiteFideId "617040"]
[BlackFideId "1116207"]
[EventDate "2013.05.30"]

1. e4 c5 2. c3 d6 3. d4 Nf6 4. Bd3 Nc6 5. Nf3 e5 6. dxe5 dxe5 7. Qe2 Be7 8. Nbd2
Qc7 9. Nc4 Be6 10. a4 h6 11. O-O O-O 12. h3 Rad8 13. Re1 Nh5 14. Bc2 Rfe8 15.
Be3 Nd4 16. Nxd4 cxd4 17. Qxh5 Bxc4 18. Bd2 d3 19. Bd1 Qb6 20. b4 a5 21. Rb1 Bc5
22. bxc5 Qxb1 23. Bg4 Qc2 24. Bxh6 gxh6 25. Re3 Be6 26. Qxh6 Bxg4 27. hxg4 Qd2
28. Qg5+ Kf8 29. Qh6+ Ke7 30. g5 0-1

[Event "French Top 12 2013"]
[Site "Haguenau FRA"]
[Date "2013.06.03"]
[Round "5.2"]
[White "Wojtaszek, Radoslaw"]
[Black "Inkiov, Ventzislav"]
[Result "1-0"]
[WhiteTitle "GM"]
[BlackTitle "GM"]
[WhiteElo "2701"]
[BlackElo "2465"]
[WhiteTeam "Mulhouse Philidor"]
[BlackTeam "Migne Echecs"]
[WhiteFideId "1118358"]
[BlackFideId "2900033"]
[EventDate "2013.05.30"]

1. c4 e6 2. Nc3 d5 3. d4 Nf6 4. Nf3 Bb4 5. Qb3 c5 6. dxc5 Nc6 7. Bg5 h6 8. Bxf6
Qxf6 9. cxd5 exd5 10. e3 O-O 11. Bb5 Bxc3+ 12. Qxc3 Qxc3+ 13. bxc3 Na5 14. Nd4
Be6 15. Rb1 Rfd8 16. Ba4 Bd7 17. Bxd7 Rxd7 18. Rb5 Nc4 19. c6 bxc6 20. Nxc6 Rc8
21. Nd4 Ne5 22. Kd2 Rc4 23. Rb4 a5 24. Rb5 Ra4 25. Ra1 Ra3 26. h3 g6 27. Kc2 Nc4
28. Rb8+ Kg7 29. Nb5 1-0

[Event "French Top 12 2013"]
[Site "Haguenau FRA"]
[Date "2013.06.03"]
[Round "5.4"]
[White "Degraeve, Jean-Marc"]
[Black "Picard, Romain"]
[Result "1-0"]
[WhiteTitle "GM"]
[BlackTitle "IM"]
[WhiteElo "2567"]
[BlackElo "2342"]
[WhiteTeam "Mulhouse Philidor"]
[BlackTeam "Migne Echecs"]
[WhiteFideId "600270"]
[BlackFideId "627216"]
[EventDate "2013.05.30"]

1. e4 e5 2. Nf3 d6 3. Bc4 Nf6 4. d3 c6 5. O-O Nbd7 6. c3 g6 7. Bb3 Bg7 8. Re1
O-O 9. Nbd2 Qc7 10. d4 b6 11. Nf1 Bb7 12. Ng3 Rfe8 13. Be3 exd4 14. cxd4 c5 15.
Rc1 b5 16. e5 dxe5 17. dxc5 Qc6 18. a4 a6 19. Re2 1-0

[Event "French Top 12 2013"]
[Site "Haguenau FRA"]
[Date "2013.06.03"]
[Round "5.5"]
[White "Tranchant, Sebastien"]
[Black "Shoker, Samy"]
[Result "1-0"]
[BlackTitle "IM"]
[WhiteElo "2258"]
[BlackElo "2469"]
[WhiteTeam "Migne Echecs"]
[BlackTeam "Mulhouse Philidor"]
[WhiteFideId "626732"]
[BlackFideId "627143"]
[EventDate "2013.05.30"]

1. d4 g6 2. c4 Bg7 3. e4 d6 4. Nc3 e5 5. d5 f5 6. exf5 gxf5 7. Qh5+ Kf8 8. Nh3
Nf6 9. Qd1 Qe8 10. Qc2 a5 11. Bd2 Na6 12. O-O-O Bd7 13. f3 Qg6 14. Ng5 Nc5 15.
g3 h6 16. Nh3 h5 17. Be3 Bh6 18. f4 Ng4 19. Bg1 h4 20. Bg2 b6 21. Kb1 a4 22.
fxe5 Nxe5 23. Nf4 Bxf4 24. gxf4 Nxc4 25. Bf1 b5 26. Bd4 Rh7 27. Rg1 Qf7 28. Bxc4
bxc4 29. Bxc5 dxc5 30. Qf2 Ra5 31. a3 Qf6 32. Rg5 Ra6 33. Qxc5+ Qd6 34. Qxc4 Rb6
35. Nxa4 Rb8 36. Nc5 Qf6 37. Qd4 Qxd4 38. Rxd4 Be8 39. Rxf5+ Kg8 40. Rg5+ Kh8
41. Ne6 Rb3 42. Rc4 Rh3 43. Rc2 Re3 44. Rcg2 Bf7 45. Nxc7 Re1+ 46. Ka2 h3 47.
Rc2 Rh4 48. Rg3 Rxf4 49. Rxh3+ Kg7 50. Rd2 Kf6 51. Nb5 Ke5 52. Nc3 Kd6 53. Rh6+
Kd7 54. a4 Re3 55. a5 Re1 56. Rb6 Rc1 57. Kb3 Ra1 58. Rb4 Rf3 59. Ra4 Rg1 60. a6
Rg8 61. a7 Ra8 62. Kb4 Rf4+ 63. Kc5 Rxa4 64. Nxa4 Rxa7 65. Nb6+ Kd8 66. b4 Rc7+
67. Kd4 Rb7 68. Kc5 Rc7+ 69. Kb5 Be8+ 70. Ka6 Rc1 71. Rd4 Bg6 72. d6 Rc3 73. Rg4
Be8 74. d7 Ra3+ 75. Kb7 Bf7 76. Rf4 Ra6 77. Kxa6 1-0

[Event "French Top 12 2013"]
[Site "Haguenau FRA"]
[Date "2013.06.03"]
[Round "5.7"]
[White "Fougerit, Valentin"]
[Black "Riff, Jean-Noel"]
[Result "1-0"]
[BlackTitle "IM"]
[WhiteElo "2209"]
[BlackElo "2458"]
[WhiteTeam "Migne Echecs"]
[BlackTeam "Mulhouse Philidor"]
[WhiteFideId "634670"]
[BlackFideId "611190"]
[EventDate "2013.05.30"]

1. e4 c5 2. Nf3 e6 3. c3 d5 4. exd5 Qxd5 5. d4 Nf6 6. Be2 Be7 7. O-O O-O 8. Ne5
cxd4 9. cxd4 Qd8 10. Nc3 Nbd7 11. Be3 Bd6 12. Nc4 Bb8 13. Rc1 Nb6 14. Ne5 h6 15.
Bd3 Nbd5 16. Re1 Bd7 17. Bb1 Bc6 18. Nxc6 bxc6 19. Qf3 Qd6 20. g3 Bc7 21. Bd2
Bb6 22. Ne2 Rac8 23. a3 a5 24. Qd3 Rfd8 25. Nc3 Nxc3 26. bxc3 Qxa3 27. Bf4 Bc7
28. Be3 Qd6 29. Qc4 Qd5 30. Qa4 Qb5 31. Qc2 a4 32. h4 Ra8 33. Bxh6 gxh6 34. Rxe6
Rd6 35. Rxf6 Rxf6 36. Qh7+ Kf8 37. Re1 Re6 38. Rxe6 fxe6 39. Bg6 1-0

[Event "French Top 12 2013"]
[Site "Haguenau FRA"]
[Date "2013.06.03"]
[Round "5.8"]
[White "Haussernot, Cecile"]
[Black "Le Bail, Clara"]
[Result "1-0"]
[WhiteTitle "WFM"]
[WhiteElo "2135"]
[BlackElo "1969"]
[WhiteTeam "Mulhouse Philidor"]
[BlackTeam "Migne Echecs"]
[WhiteFideId "601632"]
[BlackFideId "648167"]
[EventDate "2013.05.30"]

1. e4 e6 2. d4 d5 3. Nc3 Nf6 4. e5 Nfd7 5. f4 c5 6. Nf3 Nc6 7. Be3 cxd4 8. Nxd4
Bc5 9. Qd2 O-O 10. O-O-O a6 11. Qf2 Qe7 12. Bd3 f6 13. Nxc6 bxc6 14. Bxc5 Nxc5
15. Qh4 g6 16. Rhf1 a5 17. Rf3 Rb8 18. Rh3 Qg7 19. Ne2 Nxd3+ 20. cxd3 c5 21. Ng3
Kh8 22. Ne2 d4 23. g4 Qb7 24. Rd2 Qg7 25. Ng3 Bb7 26. exf6 Rxf6 27. g5 Rff8 28.
Qg4 Qf7 29. Rf2 Bd5 30. Qe2 Bxa2 31. Ne4 Qf5 32. Rh4 c4 33. Nf6 Rb7 34. Rf3 Rc8
35. Kd1 Bb3+ 36. Ke1 c3 37. bxc3 dxc3 38. Rfh3 Rcc7 39. Qe3 c2 40. Kf2 Bd5 41.
Qd4 Qxh3 42. Rxh3 c1=Q 43. Nxd5+ Rg7 44. Rxh7+ Kg8 45. Rxg7+ Rxg7 46. Nf6+ 1-0

[Event "French Top 12 2013"]
[Site "Haguenau FRA"]
[Date "2013.06.03"]
[Round "5.1"]
[White "Swiercz, Dariusz"]
[Black "Volokitin, Andrei"]
[Result "1-0"]
[WhiteTitle "GM"]
[BlackTitle "GM"]
[WhiteElo "2631"]
[BlackElo "2687"]
[WhiteTeam "C.E. de Rueil Malmaison"]
[BlackTeam "Bischwiller"]
[WhiteFideId "1126881"]
[BlackFideId "14107090"]
[EventDate "2013.05.30"]

1. e4 e5 2. Nf3 Nc6 3. Bb5 Nf6 4. d3 Bc5 5. c3 O-O 6. O-O Re8 7. Bg5 h6 8. Bh4
a6 9. Ba4 b5 10. Bb3 d6 11. Nbd2 g5 12. Nxg5 hxg5 13. Bxg5 Kg7 14. Qf3 Bd7 15.
Rae1 Rh8 16. Re3 Rh7 17. Qg3 Kh8 18. Rf3 Nh5 19. Bxd8 Nxd8 20. Qh4 Ne6 21. Rf5
Nhg7 22. Qf6 Rf8 23. Nf3 Kg8 24. Bxe6 Bxe6 25. Rg5 c6 26. Rg3 Bb6 27. Ng5 Bd8
28. Nxh7 1-0

[Event "French Top 12 2013"]
[Site "Haguenau FRA"]
[Date "2013.06.03"]
[Round "5.2"]
[White "Le Roux, Jean-Pierre"]
[Black "Renet, Olivier"]
[Result "1-0"]
[WhiteTitle "GM"]
[BlackTitle "GM"]
[WhiteElo "2576"]
[BlackElo "2469"]
[WhiteTeam "Bischwiller"]
[BlackTeam "C.E. de Rueil Malmaison"]
[WhiteFideId "609404"]
[BlackFideId "600040"]
[EventDate "2013.05.30"]

1. d4 d5 2. Nf3 e6 3. g3 c5 4. Bg2 Nc6 5. O-O Nf6 6. c4 dxc4 7. Ne5 Bd7 8. Na3
cxd4 9. Naxc4 Rc8 10. Qb3 Nxe5 11. Nxe5 b6 12. Bf4 Bc5 13. Bb7 O-O 14. Nxd7 Qxd7
15. Bxc8 Rxc8 16. Rad1 Nd5 17. Be5 Ne7 18. e3 Nc6 19. exd4 Nxd4 20. Rxd4 Bxd4
21. Rd1 1-0

[Event "French Top 12 2013"]
[Site "Haguenau FRA"]
[Date "2013.06.03"]
[Round "5.3"]
[White "Williams, Simon K"]
[Black "Ragger, Markus"]
[Result "0-1"]
[WhiteTitle "GM"]
[BlackTitle "GM"]
[WhiteElo "2511"]
[BlackElo "2666"]
[WhiteTeam "C.E. de Rueil Malmaison"]
[BlackTeam "Bischwiller"]
[WhiteFideId "404454"]
[BlackFideId "1610856"]
[EventDate "2013.05.30"]

1. e4 e5 2. f4 exf4 3. Bc4 c6 4. Nc3 Nf6 5. d4 d5 6. exd5 cxd5 7. Bb3 Bd6 8.
Nge2 O-O 9. O-O g5 10. Nxf4 gxf4 11. Bxf4 Bxf4 12. Rxf4 Be6 13. Qe2 Nbd7 14.
Raf1 Kg7 15. Ba4 a6 16. h3 b5 17. Bb3 Re8 18. Qf3 Kh8 19. Nxd5 Nxd5 20. Bxd5 Ne5
21. Qh5 Qxd5 22. dxe5 Rg8 0-1

[Event "French Top 12 2013"]
[Site "Haguenau FRA"]
[Date "2013.06.03"]
[Round "5.4"]
[White "Schlosser, Philipp"]
[Black "Dubessay, Bastien"]
[Result "1-0"]
[WhiteTitle "GM"]
[BlackTitle "FM"]
[WhiteElo "2602"]
[BlackElo "2378"]
[WhiteTeam "Bischwiller"]
[BlackTeam "C.E. de Rueil Malmaison"]
[WhiteFideId "4600169"]
[BlackFideId "650048"]
[EventDate "2013.05.30"]

1. c4 c5 2. Nf3 Nc6 3. d4 cxd4 4. Nxd4 Nf6 5. g3 Qb6 6. Nc2 Ne5 7. b3 Nfg4 8.
Qd4 Qc6 9. f3 Nxf3+ 10. exf3 Qxf3 11. Rg1 e5 12. Qd2 Bc5 13. Rg2 d6 14. Ba3 e4
15. Bxc5 dxc5 16. Nc3 Be6 17. Re2 Rd8 18. Nd5 O-O 19. Bg2 Nxh2 20. O-O-O Qxg3
21. Ne7+ Kh8 22. Qxd8 1-0

[Event "French Top 12 2013"]
[Site "Haguenau FRA"]
[Date "2013.06.03"]
[Round "5.5"]
[White "Baron, Tal"]
[Black "Marcelin, Cyril"]
[Result "0-1"]
[WhiteTitle "GM"]
[BlackTitle "GM"]
[WhiteElo "2467"]
[BlackElo "2488"]
[WhiteTeam "C.E. de Rueil Malmaison"]
[BlackTeam "Bischwiller"]
[WhiteFideId "2809958"]
[BlackFideId "607274"]
[EventDate "2013.05.30"]

1. e4 e5 2. Nf3 Nc6 3. Bc4 Nf6 4. Ng5 d5 5. exd5 Nd4 6. c3 b5 7. Bf1 Nxd5 8.
cxd4 Qxg5 9. Bxb5+ Kd8 10. O-O Bb7 11. Qf3 Rb8 12. d3 Qg6 13. Qg3 exd4 14. Na3
Bxa3 15. bxa3 Nc3 16. Qxg6 hxg6 17. Bc4 Ne2+ 18. Kh1 Kd7 0-1

[Event "French Top 12 2013"]
[Site "Haguenau FRA"]
[Date "2013.06.03"]
[Round "5.6"]
[White "Netzer, Jean"]
[Black "Loiseau, Quentin"]
[Result "1/2-1/2"]
[WhiteTitle "IM"]
[BlackTitle "FM"]
[WhiteElo "2406"]
[BlackElo "2406"]
[WhiteTeam "Bischwiller"]
[BlackTeam "C.E. de Rueil Malmaison"]
[WhiteFideId "623350"]
[BlackFideId "665274"]
[EventDate "2013.05.30"]

1. e4 c5 2. c4 e6 3. Nc3 Nc6 4. Nf3 Nge7 5. d4 Nxd4 6. Nxd4 cxd4 7. Qxd4 Nc6 8.
Qd2 Be7 9. Be2 O-O 10. O-O a6 11. Kh1 d6 12. b3 Qc7 13. Bb2 b6 14. Rac1 Qa7 15.
Qe3 Rd8 16. f4 Bf8 17. Qg3 Bb7 18. Bd3 Rd7 19. Qh3 Rad8 20. Nd5 f5 21. Ne3 Nb4
22. Bb1 Bxe4 23. Bxe4 fxe4 24. Qxe6+ Kh8 25. Nf5 d5 26. cxd5 Nd3 27. Bd4 Bc5 28.
Rb1 Bxd4 29. Nxd4 Rxd5 30. Nc6 Qb7 31. Nxd8 Rxd8 32. f5 Nc5 33. Qe5 Qf7 34. f6
Kg8 35. b4 Re8 36. Qd4 Nd3 37. fxg7 Qxg7 38. Qxb6 e3 39. Qc6 Qg6 40. Qd5+ Kh8
41. Qd4+ Kg8 42. h3 e2 43. Rfe1 Qg3 44. Qg4+ Qxg4 1/2-1/2

[Event "French Top 12 2013"]
[Site "Haguenau FRA"]
[Date "2013.06.03"]
[Round "5.7"]
[White "Debray, Christopher"]
[Black "Kosten, Anthony C."]
[Result "0-1"]
[WhiteTitle "IM"]
[BlackTitle "GM"]
[WhiteElo "2356"]
[BlackElo "2479"]
[WhiteTeam "C.E. de Rueil Malmaison"]
[BlackTeam "Bischwiller"]
[WhiteFideId "630810"]
[BlackFideId "400114"]
[EventDate "2013.05.30"]

1. d4 Nf6 2. c4 e6 3. Nc3 Bb4 4. Qc2 d6 5. e4 c5 6. d5 O-O 7. Bd3 Nbd7 8. Ne2
Ne5 9. Bg5 b5 10. a3 bxc4 11. Bxc4 Bxc3+ 12. Qxc3 Nxe4 13. Bxd8 Nxc3 14. Bc7
Nxc4 15. Nxc3 exd5 16. O-O-O d4 17. b3 Nb6 18. Ne4 Bb7 19. Nxd6 Bxg2 20. Rhg1
Nd5 21. Ba5 Nf4 22. Kc2 Bf3 23. Rde1 Bh5 24. Kd2 Bg6 25. Rg3 f5 26. Re5 Rf6 27.
Nb7 Ra6 28. Rxc5 Rb8 29. Bc7 Rxb7 30. Bxf4 Rxa3 31. Rc8+ Kf7 32. Rd3 Raxb3 33.
Rxd4 Rb2+ 34. Rc2 Rxc2+ 35. Kxc2 Bh5 36. Rd5 Ke6 37. Rd6+ Ke7 38. Rc6 Bf3 39.
Rc7+ Rxc7+ 40. Bxc7 g5 41. Kd3 Kd7 42. Ba5 f4 43. h4 g4 44. Be1 Ke6 45. Kd4 Kf5
46. Kd3 Ke5 47. Ba5 Be4+ 48. Ke2 Kd4 49. Bc7 Bd3+ 50. Kd2 Ke4 51. Ke1 Kf3 52.
Bd6 a5 53. Bc5 a4 54. Bd6 Bb5 55. Kd2 0-1

[Event "French Top 12 2013"]
[Site "Haguenau FRA"]
[Date "2013.06.03"]
[Round "5.8"]
[White "Maisuradze, Nino"]
[Black "Congiu, Mathilde"]
[Result "1/2-1/2"]
[WhiteTitle "WGM"]
[BlackTitle "WIM"]
[WhiteElo "2304"]
[BlackElo "2230"]
[WhiteTeam "Bischwiller"]
[BlackTeam "C.E. de Rueil Malmaison"]
[WhiteFideId "13601717"]
[BlackFideId "634581"]
[EventDate "2013.05.30"]

1. d4 Nf6 2. Nf3 g6 3. Bg5 Bg7 4. c3 c5 5. e3 Qb6 6. Qb3 Qxb3 7. axb3 d6 8. Bxf6
Bxf6 9. Nbd2 cxd4 10. exd4 Nc6 11. b4 O-O 12. b5 Nb8 13. Bd3 Bf5 14. Ke2 Nd7 15.
Ra3 a6 16. Rha1 Rab8 17. bxa6 bxa6 18. Bxf5 gxf5 19. R1a2 Rb7 20. Rxa6 Rfb8 21.
b3 Nf8 22. Ra8 Ne6 23. Rxb8+ Rxb8 24. g3 Ng5 25. Nxg5 Bxg5 26. f4 Bf6 27. Kd3 d5
28. b4 h5 29. Rb2 Kf8 30. Nb3 e6 31. Nc5 Ke8 32. Ra2 h4 33. Ra7 hxg3 34. hxg3
Bd8 35. Nd7 Bb6 36. Nxb8 Bxa7 37. Nc6 Bb6 38. Ne5 f6 39. Nf3 Kd7 40. c4 dxc4+
41. Kxc4 Kc6 42. Ne1 Kd6 43. Nd3 Ba7 44. Nc5 e5 45. Nb3 Ke6 46. Nc5+ Kd6 47.
dxe5+ fxe5 48. Nd3 exf4 49. gxf4 Be3 50. b5 Ke6 51. Nc5+ Kd6 52. Nd3 Ke6 53.
Nc5+ Kd6 54. Nd3 1/2-1/2

[Event "French Top 12 2013"]
[Site "Haguenau FRA"]
[Date "2013.06.03"]
[Round "5.1"]
[White "Szabo, Krisztian1"]
[Black "Svetushkin, Dmitry"]
[Result "1/2-1/2"]
[WhiteTitle "GM"]
[BlackTitle "GM"]
[WhiteElo "2545"]
[BlackElo "2588"]
[WhiteTeam "Grasse Echecs"]
[BlackTeam "Club d'Echecs Metz Fischer"]
[WhiteFideId "722901"]
[BlackFideId "13900463"]
[EventDate "2013.05.30"]

1. e4 e5 2. Nf3 Nc6 3. Bb5 a6 4. Ba4 Nf6 5. O-O Be7 6. d3 b5 7. Bb3 d6 8. a3 O-O
9. Nc3 h6 10. h3 Re8 11. Nd5 Nxd5 12. Bxd5 Bd7 13. c3 Rb8 14. a4 Bf6 15. b4 Ne7
16. Bb3 Ng6 17. Be3 Be6 18. Bxe6 Rxe6 19. Qb3 Bg5 20. axb5 Bxe3 21. fxe3 axb5
22. Ra7 Ra8 23. Rb7 Rf6 24. Rxb5 c6 25. Ra5 Rxa5 26. bxa5 Qxa5 27. Nd2 1/2-1/2

[Event "French Top 12 2013"]
[Site "Haguenau FRA"]
[Date "2013.06.03"]
[Round "5.2"]
[White "Postny, Evgeny"]
[Black "Nanu, Costica-Ciprian"]
[Result "1-0"]
[WhiteTitle "GM"]
[BlackTitle "GM"]
[WhiteElo "2637"]
[BlackElo "2519"]
[WhiteTeam "Club d'Echecs Metz Fischer"]
[BlackTeam "Grasse Echecs"]
[WhiteFideId "2804344"]
[BlackFideId "1204580"]
[EventDate "2013.05.30"]

1. d4 d5 2. c4 c6 3. Nf3 Nf6 4. Nc3 dxc4 5. a4 Bf5 6. Ne5 Na6 7. e3 Nb4 8. Bxc4
e6 9. O-O Bd6 10. Qe2 h6 11. e4 Bh7 12. f4 Bc7 13. Be3 O-O 14. f5 Qe7 15. Nxf7
Rxf7 16. Bxe6 Kh8 17. Bxf7 Qxf7 18. Kh1 Re8 19. Bg1 g6 20. fxg6 Qxg6 21. Qf3 Ng8
22. d5 Be5 23. Bxa7 Nf6 24. Rae1 Rg8 25. Re2 Nd7 26. Qh3 Qe8 27. Bg1 h5 28. dxc6
Nxc6 29. Nd5 Nd4 30. Nc7 Qc8 31. Rd2 Qxc7 32. Bxd4 Nf6 33. Qc3 Qxc3 34. bxc3
Bxd4 35. Rxd4 Nxe4 36. c4 Nc5 37. Rd5 Nxa4 38. Rxh5 Kg7 39. Re5 Nb2 40. Re7+ Kh8
41. Rf4 Rg7 42. Re8+ Bg8 43. c5 Nd3 44. Rh4+ Rh7 45. Rxh7+ Kxh7 46. Re7+ Kg6 47.
Rxb7 Nxc5 48. Rb5 Ne4 49. h3 Bc4 50. Re5 Bd3 51. Kh2 Kf6 52. Rd5 Be2 53. g4 Ke6
54. Rf5 Kd6 55. Kg2 Ke6 56. Ra5 Kf6 57. Ra2 Bc4 58. Ra4 Bd3 59. h4 Kg6 60. Rd4
Bc2 61. Kf3 Nf6 62. Kf4 Kg7 63. Ke5 Nh7 64. Rd7+ Kg6 65. Rd6+ Kg7 66. Rd2 Bb1
67. Rb2 Bd3 68. Kd4 Ba6 69. g5 Bc8 70. Ke5 Bg4 71. Rb7+ Kg6 72. Rb6+ Kg7 73. Kf4
Bh5 74. Kf5 Nf8 75. Rb7+ Kh8 76. Ra7 Ng6 77. Kf6 Nxh4 78. Ra2 Nf3 79. g6 Bxg6
80. Kxg6 Ne5+ 81. Kf6 Ng4+ 82. Kf5 1-0

[Event "French Top 12 2013"]
[Site "Haguenau FRA"]
[Date "2013.06.03"]
[Round "5.4"]
[White "Iordachescu, Viorel"]
[Black "Apicella, Manuel"]
[Result "1-0"]
[WhiteTitle "GM"]
[BlackTitle "GM"]
[WhiteElo "2582"]
[BlackElo "2532"]
[WhiteTeam "Club d'Echecs Metz Fischer"]
[BlackTeam "Grasse Echecs"]
[WhiteFideId "13900200"]
[BlackFideId "600164"]
[EventDate "2013.05.30"]

1. e4 e6 2. d4 d5 3. Nc3 Bb4 4. e5 Ne7 5. a3 Bxc3+ 6. bxc3 c5 7. h4 Qc7 8. h5 h6
9. Bd2 Nbc6 10. Qg4 Nf5 11. Nf3 Bd7 12. Bd3 Nce7 13. Qf4 c4 14. Be2 g5 15. hxg6
Nxg6 16. Qh2 Ba4 17. g4 Nfe7 18. Rc1 O-O-O 19. Qg3 Qb6 20. Kf1 Qb2 21. Ne1 Qxa3
22. Ng2 Bd7 23. f3 Nc6 24. Kf2 f6 25. exf6 e5 26. dxe5 Ngxe5 27. Nf4 Rde8 28.
Rcd1 d4 29. Rh5 Qb2 30. Nd5 Be6 31. Rxe5 Bxd5 32. Rxd5 Qxc2 33. f7 d3 34.
fxe8=Q+ Rxe8 35. Bxd3 cxd3 36. Qd6 Re7 37. Rf5 Rd7 38. Rf8+ Nd8 39. Qc5+ Kb8 40.
Kg3 b6 41. Rxd8+ Rxd8 42. Bf4+ 1-0